Dead Rails Quiz - Statistics

General Stats
  • This quiz has been taken 139 times
  • The average score is 5 of 18
Answer Stats
Pictures Answer % Correct
Zombie that can give us a bank code when killed. banker zombie
70%
The rarest horse unicorn
58%
the best fuel item coal
54%
what can we find in church besides crucifix? holy water
53%
class that have sheet metal and barbed wire item as the starting item the alamo
45%
strongest train armored train
36%
leader of the fort constitution captain prescott
36%
dynamite cost? 25
29%
how many meters until the game ends? 80000m
28%
strongest melee item(damage) tomahawk
24%
landmark where jade sword and strange mask is? sterling town
20%
they only appear in the mineshaft(sterling town) skeletons
17%
The creator of dead rails rcm games
9%
The final boss of the game nichola tesla
8%
what is tumbleweed secret item
8%
whats the most expensive item brain in jar
7%
where can we sell outlaws? sheriff building
4%
When the game was created? 2 january
1%
No matching quizzes found
Score Distribution
Percent of People with Each Score
Percentile by Number Answered
Your Score History
You have not taken this quiz